| 000 | 00403 a2200169 4500 | ||
|---|---|---|---|
| 001 | 185102 | ||
| 020 | _a85-04-00861-4 | ||
| 040 | _cMagnum | ||
| 100 | _aAndrade, Maria Julieta Drummond de | ||
| 240 | 1 | 0 |
_aLoló e o computador _lpor |
| 245 | 1 | 0 | _aLoló e o computador |
| 300 | _a | ||
| 362 | 0 | _a2005 | |
| 440 | 1 | _aCompanhia Editora Nacional | |
| 697 | _aLITERATURA INFANTO-JUVENIL | ||
| 942 | _cBK | ||
| 999 |
_c185102 _d185102 |
||